Animaux les plus grands - Statistiques

Statistiques générales
  • Ce quiz a été pris 2 810 fois
  • Le résultat moyen est 5 sur 13
Statistiques - réponses
Taille Réponse % Correct
4m elephant
88%
6m girafe
88%
30m baleine bleue
57%
9m orque
49%
20m cachalot
36%
20m requin baleine
35%
8m anaconda
33%
8.5m crocodile
33%
21m calamar géant
21%
6m grand requin blanc
18%
27m rorqual
15%
8m requin pelerin
5%
10m python réticulé
3%
Aucun quiz correspondant
Distribution des résultats
% des personnes avec chaque résultat
Percentile par nombre de réponses
Votre historique - résultats
Vous n’avez pas pris ce quiz